| 000 | 00458nab a2200145Ia 4500 | ||
|---|---|---|---|
| 003 | ES-SlBCS | ||
| 005 | 20210601124004.0 | ||
| 008 | 140529s1996 xxu||||| |||| 00| 0 eng d | ||
| 041 | _aeng | ||
| 100 | 1 |
_aLenman, James _9133013 |
|
| 245 | 0 | 0 |
_aBelief, Desire and Motivation: An Essay in Quasi-Hydraulics _c James Lenman |
| 650 | 0 | 4 |
_aCreencia _9103525 |
| 773 | 0 |
_tAmerican Philosophical Quarterly _gvol. 33, nº. 3, 1996, págs. 291-301 _wRev1386 |
|
| 942 | _cAR | ||
| 999 |
_c507381 _d507381 |
||